000
00330nam a2200121Ia 4500
008
220217s9999 xx 000 0 und d
100
_a
Ranjith Kumar, C.
245
0
_a
Tyre flaps
260
_b
Cochin University of Science and Technology
_a
Kochi
_c
1980
500
_a
Course: B.Tech.
700
_a
Dr Joseph D Francis
942
_c
TS
999
_c
74325
_d
74325